000 00448cam a2200169ua 4500
020 _a0 8243 1813 7
041 _aeng
_h
082 _a028.74574
_bENG/AN
100 _aEngelman, Donald M .
245 _aAnnual services of bio-physics and bio-engineering /
_cDonald m Engelman.
_hTextual Documents
250 _a1 /
_b.
260 _aUSA :
_bAnnual reviews ,
_c1984.
300 _a538 ; .
504 _a
942 _cBK
999 _c5950
_d5950